[Event "PriFR-ch (Women) 10th"]
[Site "Perm"]
[Date "2011.01.09"]
[Round "9"]
[White "Neuymina, Nadezhda"]
[Black "Kokovyakina, Anna"]
[Result "0-1"]
[WhiteElo "1716"]
[BlackElo "1732"]
[PlyCount "98"]
[EventDate "2011.01.04"]
[EventType "swiss"]
[EventRounds "9"]
[EventCountry "RUS"]
[SourceTitle "EXT 2022"]
[Source "ChessBase"]
[SourceDate "2021.10.06"]
[SourceVersion "1"]
[SourceVersionDate "2021.10.06"]
[SourceQuality "1"]

1. e4 e5 2. Nf3 Nc6 3. d4 exd4 4. Nxd4 Nxd4 5. Qxd4 Qf6 6. Qxf6 Nxf6 7. e5 Nd5 8. Bd3 Bc5 9. Nd2 0-0 10. 0-0 Re8 11. Nf3 d6 12. exd6 Bxd6 13. c3 Bg4 14. Bd2 Bxf3 15. gxf3 Re5 16. c4 Nb4 17. f4 Rh5 18. Be4 Nc6 19. Rad1 Rh4 20. Rfe1 Bxf4 21. Bxf4 Rxf4 22. Rd7 Rc8 23. Bxc6 bxc6 24. b3 g6 25. Ree7 Rf5 26. Rxc7 Rxc7 27. Rxc7 Ra5 28. Rxc6 Rxa2 29. Rd6 Rb2 30. Rd3 h5 31. h4 a5 32. Rc3 a4 33. bxa4 Ra2 34. Kg2 Rxa4 35. Kg3 Ra6 36. c5 Rc6 37. f3 f6 38. Kf4 Kf7 39. Ke4 Ke6 40. Kd4 g5 41. hxg5 fxg5 42. Ke4 h4 43. Rc2 h3 44. Rh2 Rxc5 45. Rxh3 Re5+ 46. Kd3 Kf5 47. Rg3 Kf4 48. Kd4 Kxg3 49. Kxe5 Kxf3 0-1